[Event "1700's Anonymous - The Saga Continues..."]
[Site "SchemingMind.com"]
[Date "2012.02.02"]
[Round "-"]
[White "bodek77"]
[Black "David Hartley"]
[Result "0-1"]
[WhiteCountry "POL"]
[BlackCountry "ENG"]
[WhiteElo "1743"]
[WhiteRD "88"]
[BlackElo "1814"]
[BlackRD "74"]
[GameID "302632"]

1. e4 e6 2. d4 d5 3. e5 c5 4. c3 Nc6 5. Bb5 Bd7 6. Nf3 Nxe5 7. Bxd7+ Nxd7 8. dxc5 Bxc5 9. Bf4 Ngf6 10. O-O O-O
11. Nbd2 Re8 12. Nb3 Be7 13. Re1 Nc5 14. Nbd4 h6 15. Ne5 Bd6 16. Qf3 Rc8 17. Qg3 Nh5 18. Qg4 Nxf4 19. Qxf4 Bxe5 20. Qxe5 Nd3
21. Qg3 Nxe1 22. Rxe1 Qf6 23. Nb5 Rc6 24. Nxa7 Ra6 25. Nb5 Rxa2 26. Nd6 Re7 27. Rb1 Rd7 28. Ne8 Qg6
0-1

[Event "1700's Anonymous - The Saga Continues..."]
[Site "SchemingMind.com"]
[Date "2012.02.02"]
[Round "-"]
[White "bodek77"]
[Black "Majoanis"]
[Result "0-1"]
[WhiteCountry "POL"]
[BlackCountry "CAN"]
[WhiteElo "1743"]
[WhiteRD "88"]
[BlackElo "1838"]
[BlackRD "55"]
[GameID "302633"]

1. e4 c5 2. Nf3 e6 3. Nc3 d6 4. Bb5+ Bd7 5. Bxd7+ Qxd7 6. d3 Nc6 7. O-O Nf6 8. Bg5 Be7 9. a3 O-O 10. Re1 a6
11. b4 cxb4 12. Na4 Qc7 13. axb4 Nxb4 14. c3 Nc6 15. Rb1 b5 16. Nb2 h6 17. Bh4 Nd7 18. Bxe7 Nxe7 19. c4 b4 20. Qd2 a5
21. Nd4 Nc6
0-1

[Event "1700's Anonymous - The Saga Continues..."]
[Site "SchemingMind.com"]
[Date "2012.02.02"]
[Round "-"]
[White "bodek77"]
[Black "Clive Everill"]
[Result "1-0"]
[WhiteCountry "POL"]
[BlackCountry "CZE"]
[WhiteElo "1843"]
[WhiteRD "101"]
[BlackElo "1791"]
[BlackRD "54"]
[GameID "302634"]

1. e4 d6 2. Nf3 Nf6 3. Nc3 g6 4. Bc4 Bg7 5. O-O O-O 6. d3 c6 7. b4 Nxe4 8. Nxe4 Bxa1 9. c3 d5 10. Bh6 Re8
11. Bb3 dxe4 12. Ng5 e6 13. Qxa1 exd3 14. c4 f6 15. c5 Qe7 16. Ne4 Nd7 17. Rd1 Ne5 18. h3 Rd8 19. f4 Nd7 20. Rxd3 b6
21. Rd6 Nf8 22. Nxf6+ Kf7 23. Ng8 Kxg8 24. Rxd8 Bb7 25. Bxe6+
1-0

[Event "1700's Anonymous - The Saga Continues..."]
[Site "SchemingMind.com"]
[Date "2012.02.02"]
[Round "-"]
[White "bodek77"]
[Black "Olli Ylönen"]
[Result "1-0"]
[WhiteCountry "POL"]
[BlackCountry "FIN"]
[WhiteElo "1752"]
[WhiteRD "89"]
[BlackElo "1819"]
[BlackRD "52"]
[GameID "302636"]

1. e4 c5 2. Nf3 d6 3. d4 cxd4 4. Nxd4 Nf6 5. Nc3 g6 6. Bb5+ Bd7 7. Bxd7+ Nbxd7 8. O-O Bg7 9. a3 O-O 10. Re1 a6
11. b4 e6 12. Bg5 h6 13. Be3 b5 14. f3 e5 15. Nc6 Qc7 16. Nd5 Nxd5 17. exd5 h5 18. Qd2 Nb6 19. Bxb6 Qxb6+ 20. Qe3 Qxe3+
21. Rxe3 e4 22. Rf1 exf3 23. Rfxf3 Rac8 24. Ne7+ Kh7 25. Nxc8
1-0

[Event "1700's Anonymous - The Saga Continues..."]
[Site "SchemingMind.com"]
[Date "2012.02.04"]
[Round "-"]
[White "bodek77"]
[Black "Transcendent"]
[Result "0-1"]
[WhiteCountry "POL"]
[BlackCountry "ENG"]
[WhiteElo "1743"]
[WhiteRD "88"]
[BlackElo "1584"]
[BlackRD "74"]
[GameID "302637"]

1. e4 c6 2. Nf3 d5 3. d4 dxe4 4. Ng5 Nf6 5. Bc4 e6 6. Qe2 Be7 7. Nxe4 Nbd7 8. O-O O-O 9. Nbd2 Qc7 10. c3 Nb6
0-1

[Event "1700's Anonymous - The Saga Continues..."]
[Site "SchemingMind.com"]
[Date "2012.02.02"]
[Round "-"]
[White "David Hartley"]
[Black "bodek77"]
[Result "1/2-1/2"]
[WhiteCountry "ENG"]
[BlackCountry "POL"]
[WhiteElo "1814"]
[WhiteRD "74"]
[BlackElo "1743"]
[BlackRD "88"]
[GameID "302638"]

1. e4 e5 2. Nf3 Nc6 3. Bc4 Nf6 4. Ng5 d5 5. exd5 Nxd5 6. d4 Be7 7. Nxf7 Kxf7 8. Qf3+ Ke6 9. dxe5 Nxe5 10. Qe4 Qd6
11. f4 b5 12. Bxd5+ Qxd5 13. Qxd5+ Kxd5 14. fxe5 Kxe5 15. O-O Bc5+ 16. Kh1 Rf8 17. Re1+ Kd6 18. Nc3 Kc6 19. Be3 Bxe3 20. Rxe3 Bf5
21. Ne2 Rad8 22. Rc3+ Kb6 23. Rf1 g6 24. Ng3 Rd2 25. Nxf5 Rxf5 26. Kg1 Rc5 27. Rxc5 Kxc5 28. Rf2 Rd1+ 29. Rf1 Rd2 30. Rf2= Rxf2
31. Kxf2 Kd4 32. Kf3 c5 33. Ke2 c4 34. Kd2 a5 35. c3+ Ke4 36. a3 a4 37. Ke2= h5 38. Kd2 g5 39. Ke2 h4 40. h3 Kf4
41. Kf2 g4= 42. hxg4 Kxg4 43. Ke2=
1/2-1/2

[Event "1700's Anonymous - The Saga Continues..."]
[Site "SchemingMind.com"]
[Date "2012.02.02"]
[Round "-"]
[White "Majoanis"]
[Black "bodek77"]
[Result "1-0"]
[WhiteCountry "CAN"]
[BlackCountry "POL"]
[WhiteElo "1777"]
[WhiteRD "54"]
[BlackElo "1752"]
[BlackRD "89"]
[GameID "302639"]

1. Nf3 d6 2. d4 Nf6 3. c4 c5 4. dxc5 Nc6 5. cxd6 e5 6. Nc3 Bxd6 7. Bg5 Bb4 8. Qxd8+ Nxd8 9. Nxe5 Ne4 10. Bd2 Nxd2
11. Kxd2 Bf5 12. Nd3 Ba5 13. f3 Rc8 14. e4 Be6 15. b4 Bc7 16. Nd5 Bxd5 17. cxd5 O-O 18. Be2 b6 19. Rac1 Nb7 20. Rc2 Bd6
21. Rhc1 Rxc2+ 22. Rxc2 Bxh2 23. f4 Nd6 24. Bf3 Nb5 25. Ke3 Bg1+ 26. Nf2 Bxf2+ 27. Kxf2 Nd4 28. Rc7 Nxf3 29. Kxf3
1-0

[Event "1700's Anonymous - The Saga Continues..."]
[Site "SchemingMind.com"]
[Date "2012.02.02"]
[Round "-"]
[White "Clive Everill"]
[Black "bodek77"]
[Result "1-0"]
[WhiteCountry "CZE"]
[BlackCountry "POL"]
[WhiteElo "1809"]
[WhiteRD "55"]
[BlackElo "1743"]
[BlackRD "88"]
[GameID "302640"]

1. e4 c5 2. Nf3 d6 3. c3 Nf6 4. h3 Nxe4 5. Qa4+ b5 6. Qxe4 d5 7. Bxb5+ Bd7 8. Bxd7+ Qxd7 9. Qe3 c4 10. d4 e6
11. O-O Bd6 12. Qg5 O-O 13. Qg4 f5 14. Qh4 Be7 15. Qg3 Bd6 16. Bf4 Bxf4 17. Qxf4 Nc6 18. Nbd2 Ne7 19. Rfe1 Ng6 20. Qe3 Rae8
21. Ng5 f4 22. Qe2 Rf6 23. Ngf3 Ne7 24. Ne5 Qd6 25. Ndf3 Ng6 26. b3 Nxe5 27. Nxe5 cxb3 28. axb3 Qc7 29. Qd3 Rc8 30. Rec1 g5
31. Ng4 Rg6 32. Ra6 Rb8 33. b4 Rxb4 34. cxb4 Qxc1+ 35. Kh2 Qc7 36. f3 Kg7 37. b5 h5 38. Ne5 Rf6 39. Rc6 Qe7 40. Qc3 Kh6
41. Rc7 Qe8 42. Qd3 Rf5 43. Rxa7 h4 44. Qc3 Rf8 45. Qc7 Rh8 46. Nf7+
1-0

[Event "1700's Anonymous - The Saga Continues..."]
[Site "SchemingMind.com"]
[Date "2012.02.02"]
[Round "-"]
[White "Olli Ylönen"]
[Black "bodek77"]
[Result "1-0"]
[WhiteCountry "FIN"]
[BlackCountry "POL"]
[WhiteElo "1816"]
[WhiteRD "55"]
[BlackElo "1743"]
[BlackRD "88"]
[GameID "302642"]

1. e4 e5 2. Nf3 d6 3. d4 f5 4. Nc3 fxe4 5. Nxe4 Bf5 6. Bd3 Nc6 7. dxe5 Nxe5 8. Nxe5 dxe5 9. O-O Nf6 10. Bg5 h6
11. Nxf6+ gxf6 12. Qh5+ Ke7 13. Bxf6+ Kxf6 14. Qxf5+ Kg7 15. Qg6#
1-0

[Event "1700's Anonymous - The Saga Continues..."]
[Site "SchemingMind.com"]
[Date "2012.02.06"]
[Round "-"]
[White "Transcendent"]
[Black "bodek77"]
[Result "0-1"]
[WhiteCountry "ENG"]
[BlackCountry "POL"]
[WhiteElo "1584"]
[WhiteRD "74"]
[BlackElo "1743"]
[BlackRD "88"]
[GameID "302643"]

1. e4 e5 2. Nf3 Nc6 3. Bb5 d6 4. O-O Nf6 5. h3 Bd7 6. Re1 a6 7. Ba4 b5 8. Bb3 Be7 9. c3 O-O 10. d4 exd4
11. cxd4 Na5 12. Bc2 c5 13. dxc5 dxc5 14. e5 Ne8 15. Nbd2 Bc6 16. Ne4 Qxd1
0-1